01525nam a2200361 a 4500001001000000003000500010005001700015008004100032010001100073011001100084040000900095090001000104100003500114245013400149260004100283500006000324502007900384590004100463590004000504590004000544590004000584650005900624650004100683650002800724650003300752856007000785901000700855942001000862942000600872999001900878952013100897952013501028000113168CHAP20220329144341.0170508s2017 mx sm |||||||spa d a109629 a110601 cCHAP aTesis1 aUc Sosa, Carlos Iván913212110aEstudio de maquinado de la madera de Bucida buceras L. del Estado de Campeche, Méxicoh[En línea]cpor Carlos Iván Uc Sosa. aChapingo, Méx. :bEl autor,c2017. aPara ver el contenido del material haga clic en la liga aTesis (Ing. Forestal Industial) -- UACH. División de Ciencias Forestales aBATCH-UPDb05c20170508lUCH01h0927 aE5765TAJb05c20170508lUCH01h0926 aE5765TAJb05c20170509lUCH01h0835 aE5765TAJb05c20170509lUCH01h143814aBucida buceras L.xMaderaxPropiedades y usos.913212214aIndustria madereraxCampeche.95787314aMadera aserrada.96963714aMaderaxSubproductos.969627 aFinding aiduhttp://10.13.5.2/tesis/sist113168.pdfzTeclea aquí aBK cTESIS n0 c109629d109629 00104054718TESISaBCbBCd2017-05-08fTESISl0oTesisp113170-10r2019-12-31 00:00:00w2019-12-31yTESISzRecien adquirido 00102local4053708TESISaBCbBCcPA_TESISd2017-05-08fTESISl0oTesisp113170-20r2019-12-31 00:00:00tc.2w2019-12-31yTESIS